Letter Bag - US States Quiz Stats

 Plays Quiz Updated Aug 2, 2019

Score 0/28 Timer 04:00
15 Plays Today
Hint Answer % Correct
Second Letter 'A'Washington
95.7%
Starts With 'W'Washington
95.7%
Starts With 'V'Virginia
92.7%
Second Letter 'A'California
92.5%
Starts With 'V'Vermont
92.2%
4 LettersOhio
89.8%
Starts With 'W'Wyoming
89%
Starts With 'W'West Virginia
88.7%
9 LettersWisconsin
88.6%
Starts With 'W'Wisconsin
88.6%
Second Letter 'A'Kansas
87.3%
Ends in 'S'Kansas
87.3%
9 LettersNew Jersey
86.6%
Contains 'J'New Jersey
86.6%
Hint Answer % Correct
4 LettersIowa
86%
4 LettersUtah
85.9%
Second Letter 'A'Maine
82.1%
Second Letter 'A'Massachusetts
81.6%
Ends in 'S'Massachusetts
81.6%
Ends in 'S'Arkansas
81.5%
Ends in 'S'Texas
78.2%
Second Letter 'A'Hawaii
76.3%
Second Letter 'A'Maryland
70.9%
Ends in 'S'Illinois
67.6%
9 LettersNew Mexico
63%
9 LettersTennessee
59.3%
9 LettersMinnesota
56.6%
9 LettersLouisiana
56.2%

You're not logged in!

Compare scores with friends on all Sporcle quizzes.
OR
Log In

Sporcle TV

Today on Sporcle TV


Watch our educational content, quiz creation guides, and fun videos on Sporcle TV.

Show Comments

Extras

Top Quizzes Today


Score Distribution

Your Account Isn't Verified!

In order to create a playlist on Sporcle, you need to verify the email address you used during registration. Go to your Sporcle Settings to finish the process.

Report this User

Report this user for behavior that violates our Community Guidelines.

Details: